000 nam a22 7a 4500
999 _c328649
_d328649
003 Nust
005 20170412163959.0
008 170412b xxu||||| |||| 00| 0 eng d
040 _cDLC
082 _a54.91 MUH
100 _aمحمد علی چراغ
245 _aتاریخ پاکستان
260 _aLahore :
_bSang e meel Publisher,
300 _a768p. :
942 _2ddc
_cBK